Zona Franca

Salvato in:
Dettagli Bibliografici
Ente Autore: CENTRO DE ESTUDIOS INTERDISCIPLINARIOS SOBRE LAS MUJERES - UNR
Natura: Libro
Lingua:Spanish
Pubblicazione: Argentina: Universidad Nacional de Rosario
Tags: Aggiungi Tag
Nessun Tag, puoi essere il primo ad aggiungerne!!

MARC

LEADER 00000nam a22000007a 4500
003 cru CRAI/IIS
005 20200113090211.0
008 200113b2014 ag ||||| |||| 00| 0 spa d
999 |c 42819  |d 42819 
040 |c cru CRAI/IIS 
090 |a REV1690 
110 |9 8930  |a CENTRO DE ESTUDIOS INTERDISCIPLINARIOS SOBRE LAS MUJERES - UNR 
245 |a Zona Franca 
260 |a Argentina:  |b Universidad Nacional de Rosario 
942 |2 ddc  |c PP